Criminal Justice Data Analysis

Guardado en:  
Detalles Bibliográficos
Autor principal: Raphael, Steven 1968- (Autor)
Tipo de documento: Electrónico Libro
Lenguaje:Inglés
Publicado: [Erscheinungsort nicht ermittelbar] Goldman School of Public Policy, University of California, Berkeley 2015
En:Año: 2015
Acceso en línea: Volltext (lizenzpflichtig)
Verificar disponibilidad: HBZ Gateway
Servicio de pedido Subito: Pedir ahora.

MARC

LEADER 00000cam a22000002c 4500
001 1912500973
003 DE-627
005 20250116055011.0
007 cr uuu---uuuuu
008 241217s2015 xx |||||o 00| ||eng c
035 |a (DE-627)1912500973 
035 |a (DE-599)KXP1912500973 
040 |a DE-627  |b ger  |c DE-627  |e rda 
041 |a eng 
084 |a 2,1  |2 ssgn 
100 1 |a Raphael, Steven  |d 1968-  |e VerfasserIn  |0 (DE-588)171613481  |0 (DE-627)061834750  |0 (DE-576)180954288  |4 aut 
109 |a Raphael, Steven 1968-  |a Raphael, S. 1968- 
245 1 0 |a Criminal Justice Data Analysis 
264 1 |a [Erscheinungsort nicht ermittelbar]  |b Goldman School of Public Policy, University of California, Berkeley  |c 2015 
336 |a Text  |b txt  |2 rdacontent 
337 |a Computermedien  |b c  |2 rdamedia 
338 |a Online-Ressource  |b cr  |2 rdacarrier 
856 4 0 |u https://www.law.berkeley.edu/wp-content/uploads/2015/04/csls-workshop-raphael.pdf  |q application/pdf  |x Verlag  |z lizenzpflichtig  |3 Volltext  |7 1 
935 |a mkri 
951 |a BO 
ELC |a 1 
LOK |0 000 xxxxxcx a22 zn 4500 
LOK |0 001 4637466474 
LOK |0 003 DE-627 
LOK |0 004 1912500973 
LOK |0 005 20241217044300 
LOK |0 008 241217||||||||||||||||ger||||||| 
LOK |0 035   |a (DE-2619)ICPSR127788 
LOK |0 040   |a DE-2619  |c DE-627  |d DE-2619 
LOK |0 092   |o n 
LOK |0 852   |a DE-2619 
LOK |0 852 1  |9 00 
LOK |0 935   |a nacp 
LOK |0 939   |a 17-12-24  |b l01 
ORI |a SA-MARC-krimdoka001.raw